ARRUPE JESUIT UNIVERSITY

CORONAVIRUS -STOP THE SPREAD - CLEAN,DISINFECT,COVER

African philosophy and the future of Africa / (Record no. 122776)

MARC details
000 -LEADER
fixed length control field 01167cam a22003014a 4500
001 - CONTROL NUMBER
control field 16943261
003 - CONTROL NUMBER IDENTIFIER
control field ARRUPE
005 - DATE AND TIME OF LATEST TRANSACTION
control field 20150429133223.0
008 - FIXED-LENGTH DATA ELEMENTS--GENERAL INFORMATION
fixed length control field 110901s2011 dcu b 101 0 eng
010 ## - LIBRARY OF CONGRESS CONTROL NUMBER
LC control number 2011036333
020 ## - INTERNATIONAL STANDARD BOOK NUMBER
International Standard Book Number 9781565182707 (pbk. : alk. paper)
040 ## - CATALOGING SOURCE
Original cataloging agency DLC
Transcribing agency DLC
Modifying agency DLC
043 ## - GEOGRAPHIC AREA CODE
Geographic area code f------
050 00 - LIBRARY OF CONGRESS CALL NUMBER
Classification number B5300.5
Item number .A47 2011
082 00 - DEWEY DECIMAL CLASSIFICATION NUMBER
Classification number 199/.6
Edition number 23
300 ## - PHYSICAL DESCRIPTION
Dimensions 23 cm.
100 ## - MAIN ENTRY--PERSONAL NAME
Personal name Walmsley, Gerard,
9 (RLIN) 17570
245 00 - TITLE STATEMENT
Title African philosophy and the future of Africa /
Statement of responsibility, etc edited by Gerard Walmsley.
260 ## - PUBLICATION, DISTRIBUTION, ETC. (IMPRINT)
Place of publication, distribution, etc Washington, D.C. :
Name of publisher, distributor, etc Council for Research in Values and Philosophy,
Date of publication, distribution, etc c2011.
300 ## - PHYSICAL DESCRIPTION
Extent 212 p. ;
490 0# - SERIES STATEMENT
Series statement Cultural heritage and contemporary change. Series II, Africa ;
Volume number/sequential designation v. 14
500 ## - GENERAL NOTE
General note Proceedings of a conference held in Oct. 2007 at St. Augustine College of South Africa.
504 ## - BIBLIOGRAPHY, ETC. NOTE
Bibliography, etc Includes bibliographical references and index.
650 #0 - SUBJECT ADDED ENTRY--TOPICAL TERM
Topical term or geographic name as entry element Philosophy, African
Form subdivision Congresses.
9 (RLIN) 17571
700 1# - ADDED ENTRY--PERSONAL NAME
Personal name Walmsley, Gerard,
Dates associated with a name 1954-
9 (RLIN) 17572
906 ## - LOCAL DATA ELEMENT F, LDF (RLIN)
a 7
b cbc
c orignew
d 1
e ecip
f 20
g y-gencatlg
942 ## - ADDED ENTRY ELEMENTS (KOHA)
Source of classification or shelving scheme Library of Congress Classification
Koha item type Monograph ( Printed materials)
Holdings
Withdrawn status Lost status Source of classification or shelving scheme Damaged status Not for loan Collection code Home library Current library Shelving location Date acquired Total Checkouts Full call number Barcode Date last seen Date checked out Price effective from Koha item type
    Library of Congress Classification     Main Collection ARRUPE LIBRARY ARRUPE LIBRARY Main Collection 29/04/2015 5 B5300.5A47 2011 46500002389 01/06/2022 14/05/2018 29/04/2015 Monograph ( Printed materials)

 

Arrupe Library. PO Box MP320 Mt Pleasant, Harare, Zimbabwe
263 242 745411|librarian@aju.ac.zw